Welcome to CU Library Online Public Access Catalogue (OPAC)

Farnsworth on contracts / (Record no. 3406)

MARC details
000 -LEADER
fixed length control field 00666cam a2200217 a 4500
001 - CONTROL NUMBER
control field 1999818
005 - DATE AND TIME OF LATEST TRANSACTION
control field 20250203202208.0
008 - FIXED-LENGTH DATA ELEMENTS--GENERAL INFORMATION
fixed length control field 900215s1990 maua b 001 0 eng
020 ## - INTERNATIONAL STANDARD BOOK NUMBER
International Standard Book Number 0316274631 (v. 1)
020 ## - INTERNATIONAL STANDARD BOOK NUMBER
International Standard Book Number 0316274674 (v. 2)
020 ## - INTERNATIONAL STANDARD BOOK NUMBER
International Standard Book Number 0316274666 (v. 3)
050 00 - LIBRARY OF CONGRESS CALL NUMBER
Classification number KF801
Item number .F367 1990
082 00 - DEWEY DECIMAL CLASSIFICATION NUMBER
Classification number 346.73/02
-- 347.3062
Edition information 20
100 1# - MAIN ENTRY--PERSONAL NAME
Personal name Farnsworth, E. Allan
Fuller form of name (Edward Allan),
Dates associated with a name 1928-2005.
245 10 - TITLE STATEMENT
Title Farnsworth on contracts /
Statement of responsibility, etc. E. Allan Farnsworth.
260 ## - PUBLICATION, DISTRIBUTION, ETC.
Place of publication, distribution, etc. Boston :
Name of publisher, distributor, etc. Little, Brown,
Date of publication, distribution, etc. c1990.
300 ## - PHYSICAL DESCRIPTION
Extent 3 v. :
Other physical details ill. ;
Dimensions 27 cm.
500 ## - GENERAL NOTE
General note Kept up to date by supplements.
650 #0 - SUBJECT ADDED ENTRY--TOPICAL TERM
Topical term or geographic name entry element Contracts
Geographic subdivision United States.
942 ## - ADDED ENTRY ELEMENTS (KOHA)
Source of classification or shelving scheme Library of Congress Classification
Koha item type Books
Suppress in OPAC No
999 ## -
-- 3406
-- 3406
Holdings
Withdrawn status Lost status Source of classification or shelving scheme Damaged status Not for loan Collection Home library Current library Shelving location Date acquired Total checkouts Full call number Date last seen Copy number Price effective from Koha item type
    Library of Congress Classification     Non-fiction Law Library (Christ Temple) Law Library (Christ Temple) General stacks 02/03/2025   KF801.F367 FAR 02/03/2025 1 02/03/2025 Books
    Library of Congress Classification     Non-fiction Law Library (Christ Temple) Law Library (Christ Temple) General stacks 02/03/2025   KF801.F367 FAR 02/03/2025 2 02/03/2025 Books
© 2023-2024 Copyright: Central University Libraries. All Rights Reserved | Created by: Mahone Tech Office